| 000 | 00565nam a2200229Ia 4500 | ||
|---|---|---|---|
| 005 | 20250425161750.0 | ||
| 008 | 250425s9999 xx 000 0 und d | ||
| 041 | _aspa | ||
| 082 | _a633.51 | ||
| 110 | _aINSTITUTO COLOMBIANO AGROPECUARIO | ||
| 245 | 0 | _aMANEJO INTEGRADO DEL ALGODONERO CON ENFASIS EN PICUDO | |
| 250 | _a1A ED. | ||
| 260 | _aBOGOTA | ||
| 260 |
_aColombia _bPRODUMEDIOS _c1996 |
||
| 300 | _a51 | ||
| 650 | _aAGRICULTURA | ||
| 650 | _aALGODON | ||
| 650 | _aCONTROL DE PLAGAS | ||
| 650 | _aPESTICIDAS | ||
| 942 | _c01 | ||
| 010 | _a28229 | ||
| 999 |
_c215697 _d215697 |
||